[Event "Isle of Wight op"]
[Site "Ryde"]
[Date "2025.02.22"]
[Round "7"]
[White "Galvan Cipriani, Viviana"]
[Black "McMahon, Paul"]
[Result "1/2-1/2"]
[WhiteElo "2096"]
[BlackElo "1919"]
[PlyCount "53"]
[EventDate "2025.02.18"]
[EventType "swiss"]
[EventRounds "9"]
[EventCountry "ENG"]
[SourceTitle "CB09_2025"]
[SourceDate "2025.02.27"]
[SourceVersion "1"]
[SourceVersionDate "2025.02.27"]
[SourceQuality "1"]

1. c4 Nf6 2. Nc3 e6 3. e4 d5 4. e5 Ne4 5. Nxe4 dxe4 6. Qg4 Bd7 7. Qxe4 Na6 8. a3 Bc6 9. Qc2 Qd4 10. Qc3 Bc5 11. Qxd4 Bxd4 12. f4 Nc5 13. Nf3 Bxf3 14. gxf3 Nb3 15. Rb1 Nxc1 16. b4 Na2 17. Kd1 0-0-0 18. Kc2 Nc3 19. dxc3 Be3 20. Bd3 Bxf4 21. Rbe1 Rd7 22. Re4 g5 23. h3 Rhd8 24. Rd1 h6 25. a4 c6 26. a5 Kc7 27. b5 1/2-1/2

[Event "Isle of Wight op"]
[Site "Ryde"]
[Date "2025.02.18"]
[Round "1"]
[White "McMahon, Paul"]
[Black "Shearsby, Jude"]
[Result "0-1"]
[WhiteElo "1919"]
[BlackElo "2227"]
[PlyCount "98"]
[EventDate "2025.02.18"]
[EventType "swiss"]
[EventRounds "9"]
[EventCountry "ENG"]
[SourceTitle "CB09_2025"]
[SourceDate "2025.02.27"]
[SourceVersion "1"]
[SourceVersionDate "2025.02.27"]
[SourceQuality "1"]

1. e4 c5 2. Nc3 g6 3. f4 Bg7 4. Nf3 Nc6 5. Bc4 e6 6. 0-0 Nge7 7. Qe1 0-0 8. d3 d5 9. Bb3 a6 10. a4 Rb8 11. Qh4 Nd4 12. Nxd4 cxd4 13. Ne2 dxe4 14. dxe4 d3 15. Nc3 dxc2 16. Qf2 Nc6 17. Bxc2 Bd4 18. Be3 Bxe3 19. Qxe3 Qd4 20. Qf2 b6 21. Rfd1 Qxf2+ 22. Kxf2 Bb7 23. Rd7 Rfc8 24. Rad1 Na5 25. f5 Nc4 26. fxe6 Nxb2 27. exf7+ Kf8 28. Rb1 Nc4 29. Rd3 Na3 30. Rxb6 Nxc2 31. Nd5 Bxd5 32. Rxb8 Rxb8 33. Rxd5 Rb7 34. Rd6 Nb4 35. Ke2 Kxf7 36. e5 Re7 37. Kd2 Rxe5 38. Kc3 a5 39. Rd7+ Re7 40. Rd2 Re3+ 41. Kc4 Re5 42. Rd7+ Re7 43. Rxe7+ Kxe7 44. Kb5 Kd6 45. Kxa5 Kc5 46. h4 h5 47. g3 Nd3 48. Ka6 Nb2 49. a5 Nc4 0-1

[Event "Cambridge op 2nd"]
[Site "Cambridge"]
[Date "2024.02.23"]
[Round "7"]
[White "Berkley, Stephen W"]
[Black "McMahon, Paul"]
[Result "1/2-1/2"]
[WhiteElo "1667"]
[BlackElo "1862"]
[PlyCount "70"]
[EventDate "2024.02.19"]
[EventType "swiss"]
[EventRounds "9"]
[EventCountry "ENG"]
[SourceTitle "CBM 218 Extra"]
[Source "ChessBase"]
[SourceDate "2024.03.31"]
[SourceVersion "1"]
[SourceVersionDate "2024.03.31"]
[SourceQuality "1"]

1. d4 d5 2. c4 e6 3. Nc3 Nf6 4. Nf3 Nbd7 5. Bf4 c6 6. e3 Be7 7. Bd3 dxc4 8. Bxc4 Nd5 9. Nxd5 exd5 10. Bd3 Qa5+ 11. Nd2 Nf6 12. 0-0 Be6 13. h3 Rc8 14. a3 Nd7 15. b4 Qb6 16. Nb3 h5 17. Nc5 Nxc5 18. bxc5 Qd8 19. Qb3 g5 20. Be5 f6 21. Bg3 h4 22. Bh2 Qd7 23. Rfb1 b5 24. cxb6 axb6 25. Qxb6 Bxh3 26. Qb7 Qg4 27. Qxc8+ Qxc8 28. Rb8 Qxb8 29. Bxb8 Bd7 30. a4 Kf7 31. Bh2 Ra8 32. a5 c5 33. dxc5 Bxc5 34. a6 Ke7 35. Ra5 Bb6 1/2-1/2

[Event "BCF-chT3E 2223 (4NCL)"]
[Site "England"]
[Date "2023.04.30"]
[Round "10.46"]
[White "McMahon, Paul"]
[Black "Alcock, Graham P"]
[Result "1-0"]
[WhiteElo "1965"]
[BlackElo "1758"]
[PlyCount "167"]
[EventDate "2022.11.05"]
[EventType "team-tourn"]
[EventRounds "11"]
[EventCountry "ENG"]
[SourceTitle "EXT 2024"]
[Source "ChessBase"]
[SourceDate "2023.10.10"]
[SourceVersion "1"]
[SourceVersionDate "2023.10.10"]
[SourceQuality "1"]
[WhiteTeam "Poisoned Pawns"]
[BlackTeam "Surbiton"]
[WhiteTeamCountry "ENG"]
[BlackTeamCountry "ENG"]

1. e4 d5 2. exd5 Qxd5 3. Nc3 Qd6 4. d4 Nf6 5. Nf3 c6 6. g3 Bg4 7. Bg2 e6 8. 0-0 Na6 9. a3 Nc7 10. Bf4 Qd8 11. Re1 Bd6 12. Bg5 0-0 13. Qd3 Be7 14. Ne5 Bf5 15. Qe2 Ne4 16. Bxe7 Nxc3 17. Bxd8 Nxe2+ 18. Rxe2 Raxd8 19. g4 Bg6 20. Rd1 Nd5 21. Bxd5 exd5 22. Nxg6 fxg6 23. Re7 Rf7 24. Rde1 Kf8 25. Rxf7+ Kxf7 26. Kg2 Rd7 27. f4 Rc7 28. c3 Rd7 29. Re5 Rd8 30. Kf3 Rd7 31. h3 Rd8 32. h4 Rd7 33. h5 Rd6 34. Kg3 Rd7 35. Kh4 Rd6 36. g5 Rd7 37. Kg4 Rd6 38. Kh4 Rd7 39. Kg4 Rd6 40. a4 a5 41. h6 gxh6 42. gxh6 b6 43. Kg5 Rf6 44. b4 Rd6 45. bxa5 bxa5 46. Re2 Re6 47. Rb2 Re1 48. Rb7+ Re7 49. Rb6 Re1 50. Rxc6 Rg1+ 51. Kh4 Ra1 52. Rc7+ Kf6 53. Rxh7 Rh1+ 54. Kg4 Rg1+ 55. Kf3 Rh1 56. Ra7 Rxh6 57. Rxa5 Rh3+ 58. Kg4 Rxc3 59. Rxd5 Rc4 60. a5 Ra4 61. Rd6+ Ke7 62. Rxg6 Rxa5 63. Kf3 Ra1 64. Ke4 Re1+ 65. Kd5 Rf1 66. Re6+ Kd7 67. Re4 Ra1 68. Ke5 Ke7 69. f5 Ra5+ 70. d5 Ra6 71. Kf4+ Kf7 72. Rc4 Ra1 73. Ke5 Re1+ 74. Re4 Ra1 75. d6 Ra5+ 76. Kf4 Rd5 77. Re6 Rd1 78. Ke5 Re1+ 79. Kd5 Rd1+ 80. Kc6 Rc1+ 81. Kd7 Rc2 82. Kd8 Rc5 83. Re7+ Kf6 84. d7 1-0

[Event "BCF-chT3E 2223 (4NCL)"]
[Site "England"]
[Date "2023.02.11"]
[Round "5.65"]
[White "Peck, Silas"]
[Black "McMahon, Paul"]
[Result "1/2-1/2"]
[WhiteElo "2075"]
[BlackElo "1915"]
[PlyCount "36"]
[EventDate "2022.11.05"]
[EventType "team-tourn"]
[EventRounds "11"]
[EventCountry "ENG"]
[SourceTitle "EXT 2024"]
[Source "ChessBase"]
[SourceDate "2023.10.10"]
[SourceVersion "1"]
[SourceVersionDate "2023.10.10"]
[SourceQuality "1"]
[WhiteTeam "Anglian Avengers"]
[BlackTeam "Poisoned Pawns"]
[WhiteTeamCountry "ENG"]
[BlackTeamCountry "ENG"]

1. e4 e5 2. Nf3 Nc6 3. Bc4 Bc5 4. c3 Nf6 5. d4 exd4 6. cxd4 Bb4+ 7. Bd2 Bxd2+ 8. Nbxd2 d5 9. exd5 Nxd5 10. Qb3 Na5 11. Qa4+ c6 12. Bxd5 Qxd5 13. Rc1 Qb5 14. Qa3 b6 15. Ne4 Nb7 16. Ne5 c5 17. dxc5 0-0 18. Nf6+ gxf6 1/2-1/2

[Event "BCF-ch Seniors 50"]
[Site "Hull"]
[Date "2018.08.03"]
[Round "6"]
[White "McMahon, Paul"]
[Black "Towers, Nigel S"]
[Result "1/2-1/2"]
[WhiteElo "1911"]
[BlackElo "1834"]
[PlyCount "110"]
[EventDate "2018.07.29"]
[EventType "swiss"]
[EventRounds "7"]
[EventCountry "ENG"]
[SourceTitle "CBM 185 Extra"]
[Source "ChessBase"]
[SourceDate "2018.07.29"]
[SourceVersion "1"]
[SourceVersionDate "2018.07.29"]
[SourceQuality "1"]

1. e4 c6 2. Nc3 d5 3. Qf3 dxe4 4. Nxe4 Nd7 5. d4 Ngf6 6. Bd3 Nxe4 7. Qxe4 Nf6 8. Qe5 Qd5 9. Qg3 Qxd4 10. Ne2 Qg4 11. Bf4 Qxg3 12. hxg3 g6 13. 0-0-0 Bg7 14. f3 0-0 15. Bc4 b5 16. Bb3 c5 17. c3 Bb7 18. Be3 Rfc8 19. Nf4 e6 20. Bf2 c4 21. Bc2 Nd5 22. Ne2 b4 23. Be4 a5 24. Bd4 Bxd4 25. Rxd4 f5 26. Bxd5 Bxd5 27. Nf4 Rc5 28. Rhd1 Re8 29. Nxd5 Rxd5 30. Rxd5 exd5 31. Rxd5 Re1+ 32. Kc2 Re2+ 33. Rd2 b3+ 34. axb3 cxb3+ 35. Kd3 Re7 36. Kc4 a4 37. Kb4 Ra7 38. Ka3 h5 39. g4 fxg4 40. fxg4 h4 41. Rd4 Re7 42. g5 Re2 43. Rxh4 Rxg2 44. Rxa4 Rxg5 45. Kxb3 Kf7 46. Ra6 Rb5+ 47. Kc2 g5 48. b4 g4 49. Kd3 g3 50. Ke2 Rf5 51. Ra5 Rf2+ 52. Ke1 Rc2 53. Kf1 Rxc3 54. Kg2 Rb3 55. Rg5 Rxb4 1/2-1/2

[Event "BCF-ch Seniors 50"]
[Site "Hull"]
[Date "2018.07.31"]
[Round "3"]
[White "Gostelow, David W"]
[Black "McMahon, Paul"]
[Result "1-0"]
[WhiteElo "1918"]
[BlackElo "1911"]
[PlyCount "77"]
[EventDate "2018.07.29"]
[EventType "swiss"]
[EventRounds "7"]
[EventCountry "ENG"]
[SourceTitle "CBM 185 Extra"]
[Source "ChessBase"]
[SourceDate "2018.07.29"]
[SourceVersion "1"]
[SourceVersionDate "2018.07.29"]
[SourceQuality "1"]

1. d4 d5 2. Bf4 Nf6 3. e3 e6 4. Nf3 c5 5. c3 Nc6 6. Nbd2 Bd6 7. Bg3 0-0 8. Bd3 Re8 9. Ne5 Bf8 10. 0-0 g6 11. Bh4 Bg7 12. Qf3 Nb8 13. Bb5 Rf8 14. Ng4 Qb6 15. Bxf6 h5 16. Bxg7 Kxg7 17. Qf6+ Kh7 18. Qe7 Kg7 19. Qf6+ Kh7 20. Ne5 Qxb5 21. Nxg6 Rg8 22. Qxf7+ Rg7 23. Nf8+ Kh8 24. Qxh5+ Kg8 25. Ng6 Nd7 26. Nf3 Rh7 27. Qg5 Nf8 28. Nxf8+ Kxf8 29. Qd8+ Kg7 30. Ne5 b6 31. Qe7+ Kg8 32. Qd8+ Kg7 33. Qg5+ Kf8 34. Qf6+ Kg8 35. Qd8+ Kg7 36. a4 Qxb2 37. Qe7+ Kg8 38. Qe8+ Kg7 39. Qf7+ 1-0

[Event "BCF-chT4S 1617 (4NCL)"]
[Site "England"]
[Date "2017.01.14"]
[Round "3.12"]
[White "McMahon, Paul"]
[Black "Truran, Michael C"]
[Result "0-1"]
[WhiteElo "1987"]
[BlackElo "2183"]
[PlyCount "58"]
[EventDate "2016.11.26"]
[EventType "team-swiss"]
[EventRounds "11"]
[EventCountry "ENG"]
[SourceTitle "EXT 2019"]
[Source "ChessBase"]
[SourceDate "2018.10.10"]
[SourceVersion "1"]
[SourceVersionDate "2018.10.10"]
[SourceQuality "1"]
[WhiteTeam "Poisoned Pawns II"]
[BlackTeam "Oxford II"]
[WhiteTeamCountry "ENG"]
[BlackTeamCountry "ENG"]

1. e4 c5 2. Nf3 d6 3. Be2 a6 4. 0-0 Nf6 5. c3 g6 6. Re1 Bg7 7. d3 0-0 8. Nbd2 Nc6 9. a4 e5 10. Nf1 d5 11. Qc2 h6 12. Ng3 Be6 13. exd5 Nxd5 14. Bf1 b6 15. Bd2 Qd7 16. h4 f5 17. Rad1 Qd6 18. Bc1 Nf4 19. d4 cxd4 20. Nxd4 Nxd4 21. cxd4 e4 22. Bxf4 Qxf4 23. Qc6 Bb3 24. Rc1 Bxd4 25. Qxg6+ Kh8 26. Nh1 e3 27. Re2 exf2+ 28. Nxf2 Qxc1 29. Re7 Bxf2+ 0-1

[Event "BCF-chT4S 1617 (4NCL)"]
[Site "England"]
[Date "2016.11.26"]
[Round "1.83"]
[White "Cole, Graham"]
[Black "McMahon, Paul"]
[Result "1/2-1/2"]
[WhiteElo "1834"]
[BlackElo "1987"]
[PlyCount "85"]
[EventDate "2016.11.26"]
[EventType "team-swiss"]
[EventRounds "11"]
[EventCountry "ENG"]
[SourceTitle "EXT 2019"]
[Source "ChessBase"]
[SourceDate "2018.10.10"]
[SourceVersion "1"]
[SourceVersionDate "2018.10.10"]
[SourceQuality "1"]
[WhiteTeam "Oxford III"]
[BlackTeam "Poisoned Pawns II"]
[WhiteTeamCountry "ENG"]
[BlackTeamCountry "ENG"]

1. e4 d5 2. exd5 Qxd5 3. Nc3 Qd6 4. d4 Nf6 5. Nf3 c6 6. g3 Bf5 7. Bg2 e6 8. 0-0 Be7 9. a3 0-0 10. Bf4 Qd8 11. Re1 Nbd7 12. h3 Nb6 13. Nh4 Bg6 14. Nxg6 hxg6 15. Qd3 Nfd5 16. Bd2 Rc8 17. Ne4 Nd7 18. c4 N5b6 19. Ba5 Ne5 20. Qc2 Nexc4 21. Bxb6 Nxb6 22. Rad1 Nd5 23. Nc3 Bd6 24. Nxd5 cxd5 25. Qd2 Qd7 26. Rc1 b5 27. Rxc8 Rxc8 28. Rc1 Rc7 29. Bf1 a6 30. Rxc7 Bxc7 31. a4 bxa4 32. Bxa6 e5 33. Kg2 exd4 34. Qxd4 Qc6 35. Be2 Bb6 36. Qd2 Qc5 37. Bf3 d4 38. Be4 Ba5 39. Qd1 Qb4 40. Qc2 Kh7 41. h4 f5 42. Bd3 Qd2 43. h5 1/2-1/2